|
|
|
|
| LEADER |
00000naa2a2200000 4500 |
| 001 |
624747 |
| 005 |
20231101133329.0 |
| 035 |
|
|
|a (RuTPU)RU\TPU\conf\24007
|
| 035 |
|
|
|a RU\TPU\conf\24006
|
| 090 |
|
|
|a 624747
|
| 100 |
|
|
|a 20171129d2017 k y0rusy50 ca
|
| 101 |
0 |
|
|a rus
|
| 102 |
|
|
|a RU
|
| 105 |
|
|
|a y z 101zy
|
| 135 |
|
|
|a drgn ---uucaa
|
| 181 |
|
0 |
|a i
|
| 182 |
|
0 |
|a b
|
| 200 |
1 |
|
|a Разработка программно-аппаратного комплекса для исследования процесса измельчения маятниковым деформатором
|f А. П. Борисов
|
| 203 |
|
|
|a Текст
|c электронный
|
| 225 |
1 |
|
|a Современные технологии в неразрушающем контроле
|
| 230 |
|
|
|a 1 компьютерный файл (pdf; 262 Кб)
|
| 300 |
|
|
|a Заглавие с экрана
|
| 320 |
|
|
|a [Библиогр.: с. 22 (5 назв.)]
|
| 463 |
|
0 |
|0 (RuTPU)RU\TPU\conf\23960
|t Ресурсоэффективные системы в управлении и контроле: взгляд в будущее
|o сборник научных трудов VI Международной конференции школьников, студентов, аспирантов, молодых ученых, 9 -14 октября 2017 г., г. Томск
|f Национальный исследовательский Томский политехнический университет (ТПУ)
|v [С. 22]
|d 2017
|
| 610 |
1 |
|
|a электронный ресурс
|
| 610 |
1 |
|
|a программно-аппаратные комплексы
|
| 610 |
1 |
|
|a процессы
|
| 610 |
1 |
|
|a измельчение
|
| 610 |
1 |
|
|a зерноперерабатывающие предприятия
|
| 610 |
1 |
|
|a маятниковые деформаторы
|
| 610 |
1 |
|
|a Raspberry Pi
|
| 610 |
1 |
|
|a энергозатраты
|
| 700 |
|
1 |
|a Борисов
|b А. П.
|
| 712 |
0 |
2 |
|a Алтайский государственный технический университет им. И. И. Ползунова (АлтГТУ)
|c (Барнаул)
|c (1992- )
|2 stltpush
|3 (RuTPU)RU\TPU\col\436
|
| 801 |
|
2 |
|a RU
|b 63413507
|c 20171205
|g RCR
|
| 856 |
4 |
|
|u http://earchive.tpu.ru/handle/11683/44671
|
| 942 |
|
|
|c BK
|